Rozvoj marketingových aktivít vo vzťahu k formovaniu štrukturálnej a regionálnej politiky expertná štúdia
Na minha lista:
| Autor principal: | |
|---|---|
| Autor Corporativo: | |
| Formato: | Livro |
| Idioma: | eslovaco |
| Publicado em: |
Bratislava
VŠE
1992
|
| Tags: |
Sem tags, seja o primeiro a adicionar uma tag!
|
MARC
| LEADER | 00000nam$a2200000$$$4500 | ||
|---|---|---|---|
| 001 | 0147003 | ||
| 005 | 20240502072645.1 | ||
| 041 | 0 | |a slo | |
| 044 | |a SK | ||
| 245 | 1 | 0 | |a Rozvoj marketingových aktivít vo vzťahu k formovaniu štrukturálnej a regionálnej politiky |b expertná štúdia |c vedúci riešiteľ Jaroslav Kita |
| 264 | 1 | |a Bratislava |b VŠE |c 1992 | |
| 300 | |a 39 s. | ||
| 100 | 1 | |a Kita, Jaroslav | |
| 710 | 2 | |a Vysoká škola ekonomická v Bratislave. Obchodná fakulta | |